La prudencia jurídica. Introducción a la gnoseología del Derecho.
Saved in:
| Hovedforfatter: | |
|---|---|
| Andre forfattere: | |
| Format: | Bog |
| Sprog: | spansk |
| Udgivet: |
Buenos Aires, Argentina:
Abeledo-Perrot,
1983.
|
| Fag: | |
| Tags: |
Tilføj Tag
Ingen Tags, Vær først til at tagge denne postø!
|
MARC
| LEADER | 00000nam a2200000 a 4500 | ||
|---|---|---|---|
| 001 | UCV1576 | ||
| 003 | CL-VaPUC | ||
| 005 | 20220822114320.0 | ||
| 008 | 900827e19830000AG |||||||||||||||||spa|d | ||
| 999 | |c 209499 |d 209497 | ||
| 020 | |a 950-20-0111-7 | ||
| 040 | |c Pontificia Universidad Católica de Valparaíso | ||
| 082 | 0 | 4 | |a 340.11 MAS 1983 |2 21 |
| 100 | |a Massini Correas, Carlos Ignacio |e autor |9 556253 | ||
| 245 | 1 | 3 | |a La prudencia jurídica. |b Introducción a la gnoseología del Derecho. |
| 260 | |a Buenos Aires, Argentina: |b Abeledo-Perrot, |c 1983. | ||
| 300 | |a 235 páginas. | ||
| 500 | |a c.2 Donación Familia Prof. Alejandro Guzmán Brito. | ||
| 583 | |a last modification |c 20190801 08:30:42 |k Rodrigo Vera | ||
| 650 | 7 | |a EQUIDAD |2 CL-VaPUC |9 256656 | |
| 650 | 0 | |a Filosofía del derecho |9 255050 | |
| 700 | |a Kalinowski, Georges |e prólogo |9 865466 | ||
| 942 | |c BK |2 ddc |n 0 | ||
| 945 | |d 19900827 00:00:00 | ||
| 952 | |0 0 |1 0 |4 0 |6 340_110000000000000_MAS_1983 |7 0 |8 DER_TF |9 184930 |a BIBDER |b BIBDER |d 2019-11-14 |i 252256K |o 340.11 MAS 1983 |p 252256K |r 2023-01-25 |w 2019-11-14 |x Ubicación 4to Piso |y BK |z Estos recursos deben solicitarse con anticipación |k DER | ||
| 952 | |0 0 |1 0 |2 ddc |4 0 |6 340_110000000000000_MAS_1983 |7 1 |8 C_AGB |9 579881 |a BIBDER |b BIBDER |d 2021-12-28 |e Donación |i 5632137 |o 340.11 MAS 1983 |p 5632137 |r 2023-01-25 |t 2 |w 2021-12-28 |y BK_US |k AGB | ||